| 000 | 00681nam a2200277Ia 4500 | ||
|---|---|---|---|
| 001 | Z_5142 | ||
| 003 | CHAP | ||
| 008 | 220113s1981 xx 000 0 und d | ||
| 010 | _a168199 | ||
| 040 | _cCHAP | ||
| 082 | _a598.2 G4 | ||
| 100 |
_aGerstenfeld, Sheldon L _947789 |
||
| 245 |
_aEl cuidado de las aves : todo lo que usted necesita saber para mantener a cualquier ave feliz y saludable / _cpor Sheldon L Gerstenfeld |
||
| 260 |
_aMéxico, D. F. : _bCECSA, _c1981 |
||
| 300 | _a207 p. | ||
| 440 | _a | ||
| 500 | _a | ||
| 503 | _a | ||
| 650 |
_aAves _98590 |
||
| 901 | _a598.2 G4 | ||
| 902 | _aA | ||
| 910 | _a1981 | ||
| 942 | _c1 | ||
| 942 | _cc1 | ||
| 999 |
_c168199 _d168199 |
||